Ako je to s pozastavením podnikania daňovým úradom

Zložitosť vzťahov medzi správcom dane (daňový úrad) a daňovým subjektom. Spektrum donucovacích nástrojov. Udelenie finančnej sankcie. Určenie dane daňovým úradom. Predvedenie policajnými orgánmi. Určenie záznamovej povinnosti. Pozastavenie podnikateľskej činnosti. Zostrený kontrolný režim. Význam da...

Ausführliche Beschreibung

Gespeichert in:
Bibliographische Detailangaben
1. Verfasser: Burák, Emil
Format: Buchkapitel
Sprache:Slowakisch
Schlagworte:
Tags: Tag hinzufügen
Keine Tags, Fügen Sie das erste Tag hinzu!

MARC

LEADER 00000naa a2200000 4500
001 r033285
005 20230921102121.6
041 0 |a slo 
044 |a SK 
245 1 0 |a Ako je to s pozastavením podnikania daňovým úradom  |c Emil Burák 
520 |a Zložitosť vzťahov medzi správcom dane (daňový úrad) a daňovým subjektom. Spektrum donucovacích nástrojov. Udelenie finančnej sankcie. Určenie dane daňovým úradom. Predvedenie policajnými orgánmi. Určenie záznamovej povinnosti. Pozastavenie podnikateľskej činnosti. Zostrený kontrolný režim. Význam daňovej prevencie pri predchádzaní chybám v daňovom konaní. 
610 2 0 |a dane 
610 2 0 |a úrady daňové 
610 2 0 |a daňovníci 
610 2 0 |a únik daňový 
610 2 0 |a sankcie 
610 2 0 |a povinnosť daňová 
610 2 0 |a kontrola daňová 
610 2 0 |a zákony 
610 2 0 |a podnikanie 
100 1 |a Burák, Emil